000 00301nam a22001337a 4500
008 180313b xxu||||| |||| 00| 0 eng d
020 _a9780735556515
041 _aeng
080 _23rd
_a658.8
100 _a61
101 _aSHIT
245 _aSales a systems approach
_cKeating,D
942 _2udc
_cBK
999 _c44900
_d44900